| 000 | 01226aam a2200277 i 4500 | ||
|---|---|---|---|
| 999 |
_c45833 _d45833 |
||
| 001 | 19468 | ||
| 003 | CO-MdFUSB | ||
| 005 | 20180724104114.0 | ||
| 008 | 180713t1923 enk||||g |||| 00| 0 eng d | ||
| 040 |
_aCO-MdFUSB _bspa _cCO-MdFUSB _dCO-MdFUSBC _erda |
||
| 041 | _aeng | ||
| 082 |
_224 _a221 _bS467i |
||
| 100 | 1 |
_aSellin, E. _eautor |
|
| 245 | 0 | 0 |
_aIntroduction to the Old Testament _c/ E. Sellin ; Traducido por W. Montgomery |
| 264 | 1 |
_aLondon : _bHodder and Stoughton, _c℗1923 |
|
| 300 |
_axxviii, 271 páginas _c; |
||
| 336 |
_2rdacontent _atexto _btxt |
||
| 337 |
_2rdamedia _asin mediación _bn |
||
| 338 |
_2rdacarrier _avolumen _bnc |
||
| 501 | _aIncluye índice (p. 269-271) | ||
| 505 | 0 | _aIntroducción -- Historia del texto de las escrituras del Antiguo Testamento -- El orígen y fecha de cada uno de los libros del Antiguo Testamento -- El Torá o el Pentateuco -- Los profetas -- El Ketuvim o "Escritos Sagrados" -- Los libros apócrifos del Antiguo Testamento -- Los pseudoepígrafos más importantes -- La historia de la colección y la canonización de los libros del Antiguo Testamento | |
| 563 | _aPasta dura | ||
| 630 | 0 | 7 |
_aBiblia. _pAntiguo Testamento |
| 942 | _cBK | ||